[Event "19PCR_F"]
[Site "?"]
[Date "2009.??.??"]
[Round "?"]
[White "Mudra, Oldrich"]
[Black "Valak, Alois"]
[Result "1/2-1/2"]
[WhiteElo "2132"]
[BlackElo "2326"]
[PlyCount "102"]
[EventDate "2009.??.??"]
[EventType "corr"]
[SourceDate "2004.06.03"]

1. Nf3 Nf6 2. d4 d5 3. c4 e6 4. Nc3 dxc4 5. e3 a6 6. a4 c5 7. Bxc4 Be7 8. O-O
Qc7 9. dxc5 O-O 10. Qe2 Nc6 11. b3 Bxc5 12. Bb2 Bd7 13. Nd2 Ne5 14. Nce4 Nxe4
15. Nxe4 Be7 16. Rfc1 Bc6 17. f4 Nxc4 18. Rxc4 Qd8 19. Rd1 Bd5 20. Qg4 f6 21.
Nc3 f5 22. Qg3 Bh4 23. Qh3 Bf6 24. Qg3 Bxc4 25. Rxd8 Raxd8 26. bxc4 Rd2 27. Ne4
Rxb2 28. Nxf6+ Rxf6 29. Qe1 h6 30. Qc3 Rb6 31. Qe5 Rf7 32. g4 fxg4 33. Kg2 g6
34. Kg3 h5 35. a5 Rc6 36. e4 Rxc4 37. Qxe6 Rc3+ 38. Kg2 Rc2+ 39. Kg3 Rc6 40.
Qd5 Kg7 41. Qg5 Rc3+ 42. Kg2 Rf6 43. Qe5 Rcc6 44. f5 h4 45. h3 g3 46. Qe7+ Kh6
47. e5 Rxf5 48. Qxh4+ Kg7 49. Qd4 Rc2+ 50. Kxg3 Re2 51. Qd7+ Kh6 1/2-1/2

[Event "19PCR_F"]
[Site "?"]
[Date "2009.??.??"]
[Round "?"]
[White "Portych, Vaclav"]
[Black "Batka, Josef"]
[Result "1/2-1/2"]
[WhiteElo "2219"]
[BlackElo "2246"]
[PlyCount "118"]
[EventDate "2009.??.??"]
[EventType "corr"]
[SourceDate "2004.06.03"]

1. c4 Nf6 2. Nc3 e6 3. Nf3 Bb4 4. Qc2 O-O 5. a3 Bxc3 6. Qxc3 b6 7. e3 Bb7 8.
Be2 d5 9. O-O dxc4 10. Bxc4 Bxf3 11. gxf3 Nd5 12. Qc2 c5 13. Kh1 Nc6 14. b3 Ne5
15. Be2 Ng6 16. Bb2 e5 17. Rg1 Qd7 18. Rad1 Rfe8 19. Bd3 Nf6 20. Rg3 Rad8 21.
Be2 Re6 22. Rg5 Rd6 23. d3 Qe6 24. Rdg1 Nd5 25. Bf1 Nde7 26. Rh5 Nc6 27. Rg3
Na5 28. b4 cxb4 29. axb4 Rc6 30. Qe2 Qa2 31. f4 Qb1 32. Rg1 Rc2 33. Qg4 Rxf2
34. Qh3 Qxb2 35. f5 Nf8 36. bxa5 bxa5 37. Qg3 g6 38. fxg6 Nxg6 39. Qh3 Qb6 40.
Rxh7 Qf6 41. Rh5 Qf3+ 42. Qxf3 Rxf3 43. Kg2 Rf6 44. Kg3 a4 45. Be2 a3 46. Ra1
Ra6 47. d4 Ra5 48. h4 Kg7 49. Rf5 f6 50. h5 Ne7 51. h6+ Kh8 52. Rxf6 exd4 53.
exd4 Nf5+ 54. Kf2 Nxd4 55. Bd3 Nb3 56. Bg6 Nxa1 57. Rf7 Rg5 58. Rh7+ Kg8 59.
Rg7+ Kh8 1/2-1/2

[Event "19PCR_F"]
[Site "?"]
[Date "2009.??.??"]
[Round "?"]
[White "Portych, Vaclav"]
[Black "Bednarik, Radovan"]
[Result "1-0"]
[WhiteElo "2219"]
[BlackElo "2073"]
[PlyCount "121"]
[EventDate "2009.??.??"]
[EventType "corr"]
[SourceDate "2004.06.03"]

1. c4 e5 2. Nc3 Bb4 3. Nd5 Bc5 4. e3 Nf6 5. b4 Be7 6. Bb2 Nxd5 7. cxd5 d6 8.
Bc4 a5 9. bxa5 Rxa5 10. d4 Nd7 11. Qd2 c5 12. dxc6 bxc6 13. Ne2 O-O 14. Bb3 Nf6
15. O-O Qc7 16. Rac1 Bd7 17. Ng3 Rd8 18. e4 h6 19. f4 exf4 20. Qxf4 Rf8 21. Kh1
Qb7 22. Bc3 Rg5 23. Qf3 Be6 24. Bd2 Rb5 25. Ba4 Rb6 26. Bc2 Rb2 27. e5 dxe5 28.
dxe5 Nd7 29. Qe4 g6 30. Bxh6 Rb4 31. Qe3 Re8 32. Nh5 gxh5 33. Qd3 Nf8 34. Bxf8
Kxf8 35. Qg6 Bc5 36. Qxh5 Be3 37. Rce1 Qa7 38. Bg6 Ke7 39. Bxf7 Rf8 40. Bxe6
Rxf1+ 41. Rxf1 Kxe6 42. Qf5+ Kd5 43. e6+ Kd6 44. Qg6 Bf2 45. e7+ Kxe7 46. Qg7+
Kd6 47. Qf8+ Qe7 48. Qxf2 Qe4 49. Rd1+ Kc7 50. h3 Kc8 51. Qf7 Rb1 52. Qd7+ Kb8
53. Rxb1+ Qxb1+ 54. Kh2 Qe4 55. Qg4 Qh7 56. Qb4+ Kc8 57. a4 Qc7+ 58. g3 c5 59.
Qc4 Qb6 60. h4 Qb4 61. Qe6+ 1-0

[Event "19PCR_F"]
[Site "?"]
[Date "2009.??.??"]
[Round "?"]
[White "Portych, Vaclav"]
[Black "Cvak, Rudolf"]
[Result "1/2-1/2"]
[WhiteElo "2219"]
[BlackElo "2317"]
[PlyCount "44"]
[EventDate "2009.??.??"]
[EventType "corr"]
[SourceDate "2004.06.03"]

1. c4 Nf6 2. Nc3 g6 3. d4 Bg7 4. e4 d6 5. Nf3 O-O 6. Be2 e5 7. O-O Nc6 8. d5
Ne7 9. b4 Nh5 10. Re1 f5 11. Ng5 Nf6 12. Bf3 fxe4 13. Ngxe4 Nf5 14. Bg5 a5 15.
b5 Nd4 16. Be2 Bf5 17. Bd3 Nxe4 18. Nxe4 Qc8 19. Rb1 b6 20. Ng3 Bd7 21. Rf1 Bf6
22. Be3 Nf5 1/2-1/2

[Event "19PCR_F"]
[Site "?"]
[Date "2009.??.??"]
[Round "?"]
[White "Portych, Vaclav"]
[Black "Kudr, Roman"]
[Result "1/2-1/2"]
[WhiteElo "2219"]
[BlackElo "2208"]
[PlyCount "67"]
[EventDate "2009.??.??"]
[EventType "corr"]
[SourceDate "2004.06.03"]

1. c4 b6 2. d4 e6 3. a3 g6 4. e4 Bg7 5. Nf3 Ne7 6. Nc3 d6 7. Bd3 Bb7 8. Be3 Nd7
9. Qd2 e5 10. O-O exd4 11. Bxd4 Ne5 12. Nxe5 dxe5 13. Be3 Nc6 14. Rad1 O-O 15.
c5 Nd4 16. cxb6 axb6 17. Bc4 c5 18. f4 exf4 19. Bxf4 Ba6 20. Bxa6 Rxa6 21. e5
Qc8 22. Ne4 Rd8 23. Qf2 Qc6 24. Bg5 Rd7 25. Rde1 Ne6 26. Bf6 Ra4 27. Qe3 Rdd4
28. Nc3 Rg4 29. g3 Raf4 30. Bxg7 Kxg7 31. Rxf4 Nxf4 32. Ne4 h5 33. Qf3 Qd5 34.
Kh1 1/2-1/2

[Event "19PCR_F"]
[Site "?"]
[Date "2009.??.??"]
[Round "?"]
[White "Portych, Vaclav"]
[Black "Mudra, Oldrich"]
[Result "1/2-1/2"]
[WhiteElo "2219"]
[BlackElo "2132"]
[PlyCount "53"]
[EventDate "2009.??.??"]
[EventType "corr"]
[SourceDate "2004.06.03"]

1. c4 Nf6 2. Nc3 e5 3. Nf3 Nc6 4. g3 Bc5 5. Bg2 d6 6. d3 h6 7. O-O a5 8. e3 O-O
9. b3 Bf5 10. d4 Ba7 11. Bb2 Re8 12. dxe5 dxe5 13. Qxd8 Raxd8 14. Rfd1 Nd7 15.
Nd5 Rc8 16. Rd2 Bc5 17. h3 Bh7 18. Rad1 e4 19. Ne1 Nde5 20. Nc3 f5 21. g4 Bb4
22. gxf5 Bxf5 23. Rd5 g6 24. Rb5 Bxc3 25. Bxc3 b6 26. Rbd5 a4 27. Ra1 1/2-1/2

[Event "19PCR_F"]
[Site "?"]
[Date "2009.??.??"]
[Round "?"]
[White "Portych, Vaclav"]
[Black "Struzka, Vlastimil"]
[Result "1/2-1/2"]
[WhiteElo "2219"]
[BlackElo "2160"]
[PlyCount "117"]
[EventDate "2009.??.??"]
[EventType "corr"]
[SourceDate "2004.06.03"]

1. c4 Nf6 2. Nc3 g6 3. Nf3 Bg7 4. d4 O-O 5. Bg5 d6 6. e3 c5 7. d5 Qa5 8. Qd2
Nbd7 9. Bd3 h6 10. Bh4 a6 11. O-O b5 12. cxb5 g5 13. Bg3 axb5 14. Bxb5 Ne4 15.
Nxe4 Qxb5 16. Nc3 Bxc3 17. Qxc3 Nf6 18. Rfd1 Bf5 19. b3 Ne4 20. Qb2 Rfc8 21.
Nd2 c4 22. Nxe4 Bxe4 23. Qd4 f5 24. f3 cxb3 25. fxe4 Ra4 26. Qd3 Qxd3 27. Rxd3
b2 28. Re1 fxe4 29. Rb3 Rxa2 30. h4 Rc1 31. Kh2 Rxe1 32. Bxe1 Ra1 33. Rxb2 Rxe1
34. hxg5 hxg5 35. Kg3 Kf7 36. Kf2 Rd1 37. Rb4 Rd2+ 38. Kg3 Rxd5 39. Rxe4 Kf6
40. Ra4 e6 41. Kf3 Rf5+ 42. Kg4 d5 43. Ra3 Rf2 44. g3 Rb2 45. Kf3 Rc2 46. Rb3
Rc4 47. g4 Ke5 48. Rb7 Rc3 49. Rd7 Rd3 50. Rg7 Kf6 51. Rh7 d4 52. Ke4 Rxe3+ 53.
Kxd4 Rg3 54. Rh6+ Ke7 55. Ke5 Rxg4 56. Rxe6+ Kd7 57. Rd6+ Kc7 58. Rg6 Rg1 59.
Kf5 1/2-1/2

[Event "19PCR_F"]
[Site "?"]
[Date "2009.??.??"]
[Round "?"]
[White "Schwarz, Jan"]
[Black "Batka, Josef"]
[Result "1/2-1/2"]
[WhiteElo "2251"]
[BlackElo "2246"]
[PlyCount "121"]
[EventDate "2009.??.??"]
[EventType "corr"]
[SourceDate "2004.06.03"]

1. e4 c5 2. Nf3 Nc6 3. d4 cxd4 4. Nxd4 Nf6 5. Nc3 e5 6. Ndb5 d6 7. Bg5 a6 8.
Na3 b5 9. Bxf6 gxf6 10. Nd5 f5 11. Bd3 Be6 12. O-O Bxd5 13. exd5 Ne7 14. Nxb5
Bg7 15. Nc3 e4 16. Bc4 Ng6 17. Qh5 Bxc3 18. bxc3 Qf6 19. Qh6 Qxc3 20. Bb3 a5
21. Ba4+ Ke7 22. Rae1 Rab8 23. a3 Rhg8 24. Kh1 Qxa3 25. Qg5+ Kf8 26. Bd7 Ne7
27. Qh6+ Rg7 28. Rb1 Rd8 29. Rb7 e3 30. Qf6 Rg6 31. Qh8+ Rg8 32. Qxh7 Qc3 33.
Qh6+ Qg7 34. Qxg7+ Rxg7 35. Ra7 f4 36. fxe3 Nxd5 37. exf4 f6 38. Rxa5 Ne3 39.
Bb5 Nxf1 40. Bxf1 Rb7 41. g3 Rb1 42. Kg2 Rd1 43. Bd3 Rd2+ 44. Kh3 d5 45. Ra7 d4
46. Rh7 Kg8 47. Rh5 Kf7 48. Kg4 Rg8+ 49. Kf5 Kg7 50. Rh4 Rc8 51. Ke6 Re8+ 52.
Kd7 Re3 53. Kd6 Re8 54. f5 Rg2 55. Kc5 Rd8 56. Rg4+ Kf7 57. h4 Rh2 58. Be4 Re2
59. Kc6 Re3 60. Kc7 Ke7 61. Bd3 1/2-1/2

[Event "19PCR_F"]
[Site "?"]
[Date "2009.??.??"]
[Round "?"]
[White "Schwarz, Jan"]
[Black "Glaser, Karel"]
[Result "1/2-1/2"]
[WhiteElo "2251"]
[BlackElo "2202"]
[PlyCount "85"]
[EventDate "2009.??.??"]
[EventType "corr"]
[SourceDate "2004.06.03"]

1. d4 Nf6 2. c4 e6 3. Nf3 d5 4. g3 Be7 5. Bg2 O-O 6. O-O dxc4 7. Qc2 a6 8. Qxc4
b5 9. Qc2 Bb7 10. Bf4 Nc6 11. Rd1 Nb4 12. Qc1 Rc8 13. Nc3 Nbd5 14. Be3 Ng4 15.
Bg5 Nxc3 16. bxc3 c5 17. a4 f6 18. Bf4 cxd4 19. axb5 axb5 20. Nxd4 Bxg2 21.
Kxg2 Qb6 22. h3 Nxf2 23. Kxf2 e5 24. Qb2 Bc5 25. Be3 exd4 26. Qb3+ Kh8 27. cxd4
Bd6 28. d5 Qb8 29. Ba7 Qb7 30. Bd4 Rc4 31. Qf3 b4 32. Ra2 Qb5 33. Kg2 Kg8 34.
Rd3 Re8 35. Kh2 Rc1 36. Ra7 Rc7 37. Rxc7 Bxc7 38. Re3 Bd6 39. Rxe8+ Qxe8 40.
Kg2 b3 41. Bb2 h6 42. Qd3 Qb8 43. Qc4 1/2-1/2

[Event "19PCR_F"]
[Site "?"]
[Date "2009.??.??"]
[Round "?"]
[White "Schwarz, Jan"]
[Black "Kyhos, Alois"]
[Result "1/2-1/2"]
[WhiteElo "2251"]
[BlackElo "2146"]
[PlyCount "63"]
[EventDate "2009.??.??"]
[EventType "corr"]
[SourceDate "2004.06.03"]

1. d4 Nf6 2. c4 e6 3. Nf3 b6 4. a3 Bb7 5. Nc3 d5 6. Bg5 Be7 7. e3 O-O 8. cxd5
Nxd5 9. Bxe7 Qxe7 10. Rc1 Nxc3 11. Rxc3 c5 12. dxc5 bxc5 13. Be2 Nd7 14. O-O
Bd5 15. Qc2 f5 16. Rd1 Rad8 17. Nd2 Qh4 18. Bf3 Ne5 19. Rxc5 Ng4 20. Bxg4 fxg4
21. Rf1 Bb7 22. Ra5 a6 23. Ra4 Rf5 24. Rd4 Rxd4 25. exd4 Qd8 26. Nc4 Rf4 27.
Qe2 Re4 28. Ne3 h5 29. Qc2 Qd7 30. Qc5 Qxd4 31. Qc2 Qe5 32. Re1 1/2-1/2

[Event "19PCR_F"]
[Site "?"]
[Date "2009.??.??"]
[Round "?"]
[White "Schwarz, Jan"]
[Black "Portych, Vaclav"]
[Result "1-0"]
[WhiteElo "2251"]
[BlackElo "2219"]
[PlyCount "107"]
[EventDate "2009.??.??"]
[EventType "corr"]
[SourceDate "2004.06.03"]

1. e4 c5 2. Nf3 Nc6 3. d4 cxd4 4. Nxd4 Nf6 5. Nc3 e5 6. Ndb5 d6 7. Bg5 a6 8.
Na3 b5 9. Nd5 Be7 10. Bxf6 Bxf6 11. c3 O-O 12. Nc2 Bg5 13. a4 bxa4 14. Nce3 Ne7
15. Rxa4 Bxe3 16. Nxe3 Bb7 17. Bd3 Bc6 18. Ra1 a5 19. O-O a4 20. Bc2 Qd7 21.
Qd2 Rfd8 22. Rfd1 Ng6 23. g3 Qb7 24. Nf5 d5 25. Qd3 Rd7 26. exd5 Rxd5 27. Qc4
Rxd1+ 28. Rxd1 Bh1 29. Ne3 Bf3 30. Rb1 Bc6 31. Qc5 h6 32. Qd6 Be4 33. Bxe4 Qxe4
34. Ra1 f6 35. h4 Kh7 36. h5 Nf8 37. c4 Qd4 38. Qd5 Ra7 39. Qb5 Ne6 40. Qe8 Qb6
41. Nd5 Qa6 42. b4 Nd4 43. b5 Qe6 44. Qxe6 Nxe6 45. Ra3 Kg8 46. Kf1 Kf7 47. Ke1
Nd4 48. b6 Ra8 49. Kd2 Nc6 50. Nc3 Ke6 51. Rxa4 Rxa4 52. Nxa4 Kd6 53. g4 Nb8
54. Kd3 1-0

[Event "19PCR_F"]
[Site "?"]
[Date "2009.??.??"]
[Round "?"]
[White "Schwarz, Jan"]
[Black "Trs, Jan"]
[Result "1/2-1/2"]
[WhiteElo "2251"]
[BlackElo "2128"]
[PlyCount "70"]
[EventDate "2009.??.??"]
[EventType "corr"]
[SourceDate "2004.06.03"]

1. e4 c6 2. d4 d5 3. exd5 cxd5 4. c4 Nf6 5. Nc3 e6 6. Nf3 Be7 7. cxd5 Nxd5 8.
Bd3 O-O 9. O-O Nc6 10. Re1 Nf6 11. Bg5 h6 12. Bf4 b6 13. Ne5 Bb7 14. Ba6 Qc8
15. Qa4 Nxe5 16. Bxb7 Qxb7 17. dxe5 Nd7 18. Nb5 Rfd8 19. Rad1 Nc5 20. Qc2 Rd5
21. Nd6 Qa6 22. Rxd5 exd5 23. Qf5 Rf8 24. Bxh6 gxh6 25. Qg4+ Kh7 26. Nf5 Bg5
27. h4 Qc4 28. Qxc4 dxc4 29. hxg5 hxg5 30. Nd6 Nd3 31. Re2 b5 32. b3 cxb3 33.
axb3 b4 34. Ra2 Nxe5 35. Rxa7 Kg6 1/2-1/2

[Event "19PCR_F"]
[Site "?"]
[Date "2009.??.??"]
[Round "?"]
[White "Schwarz, Jan"]
[Black "Valak, Alois"]
[Result "1/2-1/2"]
[WhiteElo "2251"]
[BlackElo "2326"]
[PlyCount "53"]
[EventDate "2009.??.??"]
[EventType "corr"]
[SourceDate "2004.06.03"]

1. e4 e5 2. Nf3 Nc6 3. Bb5 a6 4. Ba4 Nf6 5. O-O Be7 6. Re1 b5 7. Bb3 d6 8. c3
O-O 9. h3 Bb7 10. d4 Re8 11. Nbd2 Bf8 12. a4 h6 13. Bc2 exd4 14. cxd4 Nb4 15.
Bb1 c5 16. d5 Nd7 17. Ra3 g6 18. Nf1 Bg7 19. axb5 axb5 20. Qb3 Qf6 21. Ne3 h5
22. Re2 Ba6 23. Nf1 Bh8 24. Bg5 Qg7 25. Bf4 Qf6 26. Bg5 Qg7 27. Bf4 1/2-1/2

[Event "19PCR_F"]
[Site "?"]
[Date "2009.??.??"]
[Round "?"]
[White "Struzka, Vlastimil"]
[Black "Koukal, Vladimir"]
[Result "0-1"]
[WhiteElo "2160"]
[BlackElo "2240"]
[PlyCount "30"]
[EventDate "2009.??.??"]
[EventType "corr"]
[SourceDate "2004.06.03"]

1. d4 Nf6 2. Nf3 e6 3. c4 d5 4. Nc3 Bb4 5. Bg5 c6 6. Qb3 Qa5 7. Bxf6 dxc4 8.
Qxc4 gxf6 9. a3 Be7 10. e3 Nd7 11. Be2 Rg8 12. O-O Qh5 13. Qa4 f5 14. Ne5 Qh4
15. Qxa7 Rxa7 0-1

[Event "19PCR_F"]
[Site "?"]
[Date "2009.??.??"]
[Round "?"]
[White "Struzka, Vlastimil"]
[Black "Kudr, Roman"]
[Result "1/2-1/2"]
[WhiteElo "2160"]
[BlackElo "2208"]
[PlyCount "62"]
[EventDate "2009.??.??"]
[EventType "corr"]
[SourceDate "2004.06.03"]

1. d4 d5 2. Nf3 Nf6 3. c4 c6 4. e3 Bf5 5. Bd3 Bxd3 6. Qxd3 e6 7. O-O Nbd7 8.
Nc3 Bb4 9. Bd2 a5 10. a3 Be7 11. cxd5 exd5 12. e4 Nxe4 13. Nxe4 dxe4 14. Qxe4
O-O 15. Rfe1 Re8 16. Re2 Nf6 17. Qc2 Bd6 18. Rxe8+ Nxe8 19. Re1 a4 20. g3 Nc7
21. Ng5 g6 22. Qc4 Nd5 23. Ne4 Bf8 24. Nc5 b5 25. Qe2 Ra7 26. Qe8 Qxe8 27. Rxe8
Kg7 28. Bh6+ Kxh6 29. Rxf8 Re7 30. Kf1 Nb6 31. Rd8 Nc4 1/2-1/2

[Event "19PCR_F"]
[Site "?"]
[Date "2009.??.??"]
[Round "?"]
[White "Struzka, Vlastimil"]
[Black "Kyhos, Alois"]
[Result "1-0"]
[WhiteElo "2160"]
[BlackElo "2146"]
[PlyCount "121"]
[EventDate "2009.??.??"]
[EventType "corr"]
[SourceDate "2004.06.03"]

1. d4 Nf6 2. Nf3 e6 3. g3 b6 4. Bg2 Bb7 5. O-O Be7 6. c4 O-O 7. Bf4 d6 8. Qc2
c5 9. dxc5 bxc5 10. Nc3 Nc6 11. Rad1 Qb8 12. e4 a6 13. Rfe1 Nd7 14. Qd2 Nde5
15. Qe2 Ng6 16. Be3 Qc7 17. h4 Nge5 18. Nxe5 dxe5 19. Qg4 Nd4 20. h5 Kh8 21. h6
g6 22. Rd2 Rad8 23. Red1 f5 24. Qh3 Rd6 25. b3 Bc6 26. exf5 gxf5 27. Bxc6 Qxc6
28. Kf1 Rdd8 29. Qg2 e4 30. Bxd4+ cxd4 31. Rxd4 Rxd4 32. Rxd4 Bf6 33. Rd3 Rg8
34. Ne2 Bg5 35. Rd1 Rg6 36. g4 f4 37. Nc3 f3 38. Qg3 Rxh6 39. Kg1 e3 40. Qe5+
Bf6 41. Qxe3 Rg6 42. Rd3 Rxg4+ 43. Kf1 Kg7 44. Qxf3 Qxf3 45. Rxf3 Rd4 46. c5
Be7 47. Na4 Bd8 48. Ke2 h5 49. c6 Bc7 50. Rd3 Rxd3 51. Kxd3 Kf7 52. Nc5 Ke7 53.
Nxa6 Bb6 54. Ke2 Kd6 55. c7 Kd7 56. f4 Bd4 57. b4 Bc3 58. Kf3 Kc8 59. Nc5 Kxc7
60. b5 Bb2 61. Nxe6+ 1-0

[Event "19PCR_F"]
[Site "?"]
[Date "2009.??.??"]
[Round "?"]
[White "Struzka, Vlastimil"]
[Black "Schwarz, Jan"]
[Result "1/2-1/2"]
[WhiteElo "2160"]
[BlackElo "2251"]
[PlyCount "80"]
[EventDate "2009.??.??"]
[EventType "corr"]
[SourceDate "2004.06.03"]

1. d4 Nf6 2. Nf3 e6 3. Nc3 d5 4. Bf4 c6 5. e3 Be7 6. h3 O-O 7. Bd3 c5 8. O-O c4
9. Be2 a6 10. Ne5 b5 11. Bf3 Bb7 12. a3 Nc6 13. Qd2 Qb6 14. Rad1 Nxe5 15. Bxe5
a5 16. Bxf6 Bxf6 17. e4 b4 18. Na4 Qc7 19. Nc5 dxe4 20. Bxe4 Bxe4 21. Nxe4 Be7
22. axb4 axb4 23. d5 exd5 24. Qxd5 Rfd8 25. Qb5 g6 26. g4 Kg7 27. Rxd8 Rxd8 28.
Kg2 Qf4 29. Re1 Rd4 30. Qc6 Bh4 31. Re2 Bd8 32. Re3 Bc7 33. Ng3 h6 34. Qc5 Qd6
35. Qxd6 Bxd6 36. c3 Rd5 37. cxb4 Rb5 38. b3 Rxb4 39. bxc4 Rxc4 40. Re8 Rb4
1/2-1/2

[Event "19PCR_F"]
[Site "?"]
[Date "2009.??.??"]
[Round "?"]
[White "Struzka, Vlastimil"]
[Black "Trs, Jan"]
[Result "1/2-1/2"]
[WhiteElo "2160"]
[BlackElo "2128"]
[PlyCount "60"]
[EventDate "2009.??.??"]
[EventType "corr"]
[SourceDate "2004.06.03"]

1. d4 Nf6 2. Nf3 d5 3. Bf4 c5 4. Nc3 cxd4 5. Qxd4 e6 6. e3 Nc6 7. Qd2 Bd7 8. h3
Bc5 9. a3 Qe7 10. Be2 O-O 11. O-O Rad8 12. b4 Ne4 13. Qd3 Bxb4 14. Nxe4 dxe4
15. Qxe4 Bxa3 16. Bd3 f5 17. Qa4 Bb2 18. Rab1 Bf6 19. Rxb7 Ne5 20. Qxa7 Nxf3+
21. gxf3 Qe8 22. Kg2 e5 23. Bh2 e4 24. fxe4 Bc6 25. Rc7 Bxe4+ 26. Bxe4 Qxe4+
27. Kg1 Qh4 28. Kg2 Qe4+ 29. Kg1 Qh4 30. Kg2 Qe4+ 1/2-1/2

[Event "19PCR_F"]
[Site "?"]
[Date "2009.??.??"]
[Round "?"]
[White "Struzka, Vlastimil"]
[Black "Valak, Alois"]
[Result "1/2-1/2"]
[WhiteElo "2160"]
[BlackElo "2326"]
[PlyCount "32"]
[EventDate "2009.??.??"]
[EventType "corr"]
[SourceDate "2004.06.03"]

1. d4 Nf6 2. Nf3 e6 3. g3 c5 4. Bg2 cxd4 5. Nxd4 Nc6 6. O-O Qb6 7. Nb3 h5 8.
Be3 Qc7 9. Nc3 a6 10. h4 Be7 11. Qd2 O-O 12. Bg5 Rd8 13. Qf4 Bd6 14. Qe3 Be7
15. Qf4 Bd6 16. Qe3 Be7 1/2-1/2

[Event "19PCR_F"]
[Site "?"]
[Date "2009.??.??"]
[Round "?"]
[White "Trs, Jan"]
[Black "Batka, Josef"]
[Result "1-0"]
[WhiteElo "2128"]
[BlackElo "2246"]
[PlyCount "109"]
[EventDate "2009.??.??"]
[EventType "corr"]
[SourceDate "2004.06.03"]

1. c4 Nf6 2. Nc3 e6 3. Nf3 Bb4 4. Qc2 O-O 5. a3 Bxc3 6. Qxc3 b6 7. b4 Bb7 8.
Bb2 d6 9. e3 Nbd7 10. d4 Ne4 11. Qc2 f5 12. Bd3 Ng5 13. d5 Nxf3+ 14. gxf3 Ne5
15. O-O-O Qh4 16. Rhg1 Rae8 17. f4 Nxd3+ 18. Qxd3 Rf7 19. Rg3 Qh6 20. Rdg1 Ree7
21. Bc3 e5 22. Qf1 c6 23. Rh3 Qf6 24. dxc6 Bxc6 25. fxe5 dxe5 26. Kb2 f4 27.
Qd3 Qf5 28. Qxf5 Rxf5 29. Kb3 fxe3 30. Rxe3 e4 31. b5 Bb7 32. Rd1 Kf7 33. Rd8
Ke6 34. Re2 Rf3 35. Kb4 Rc7 36. Red2 Rff7 37. a4 Kf5 38. R2d6 Kg4 39. Bd4 Kf3
40. c5 bxc5+ 41. Bxc5 e3 42. Bxe3 Be4 43. a5 Rc2 44. R6d7 Rf5 45. Rd2 Rxd2 46.
Rxd2 Rf7 47. Rd6 Rb7 48. a6 Rf7 49. Ka5 Kg2 50. Bxa7 Rxa7 51. Rd4 Bf3 52. b6
Ra8 53. Rf4 Bb7 54. a7 Kxh2 55. Rf7 1-0

[Event "19PCR_F"]
[Site "?"]
[Date "2009.??.??"]
[Round "?"]
[White "Trs, Jan"]
[Black "Bednarik, Radovan"]
[Result "1/2-1/2"]
[WhiteElo "2128"]
[BlackElo "2073"]
[PlyCount "108"]
[EventDate "2009.??.??"]
[EventType "corr"]
[SourceDate "2004.06.03"]

1. d4 d5 2. c4 c6 3. Nf3 Nf6 4. Nc3 dxc4 5. a4 Bf5 6. e3 e6 7. Bxc4 Bb4 8. O-O
O-O 9. Qe2 Nbd7 10. e4 Bg6 11. Bd3 c5 12. e5 cxd4 13. exf6 dxc3 14. Bxg6 hxg6
15. fxg7 Kxg7 16. Rd1 Qc7 17. Qb5 Bd6 18. Qd3 Be5 19. Nxe5 Nxe5 20. Qxc3 Qxc3
21. bxc3 Rfd8 22. Be3 Nc6 23. c4 e5 24. Rd5 Rxd5 25. cxd5 Nb4 26. Rb1 Nxd5 27.
Rxb7 a6 28. Bg5 Rc8 29. Ra7 Nb4 30. h4 Rc6 31. Kh1 Nd3 32. Kg1 Nb2 33. a5 Nc4
34. Bd8 Rd6 35. Be7 Rc6 36. g4 Nxa5 37. g5 Re6 38. Bf6+ Kf8 39. Ra8+ Re8 40.
Rxa6 Nc4 41. Kg2 e4 42. Rc6 Ne5 43. Rc2 Ng4 44. Bd4 e3 45. Re2 Nxf2 46. Kf3 Nd3
47. Rxe3 Ne1+ 48. Ke2 Rxe3+ 49. Bxe3 Ng2 50. Bf2 f6 51. gxf6 Nf4+ 52. Kf3 Nh5
53. Bd4 Kf7 54. Be5 Ke6 1/2-1/2

[Event "19PCR_F"]
[Site "?"]
[Date "2009.??.??"]
[Round "?"]
[White "Trs, Jan"]
[Black "Cvak, Rudolf"]
[Result "1/2-1/2"]
[WhiteElo "2128"]
[BlackElo "2317"]
[PlyCount "46"]
[EventDate "2009.??.??"]
[EventType "corr"]
[SourceDate "2004.06.03"]

1. e4 c5 2. Nf3 Nc6 3. d4 cxd4 4. Nxd4 Nf6 5. Nc3 e5 6. Ndb5 d6 7. Bg5 a6 8.
Na3 b5 9. Nd5 Be7 10. Bxf6 Bxf6 11. c3 O-O 12. Nc2 Rb8 13. g3 Bg5 14. Bg2 Be6
15. O-O Qd7 16. a3 a5 17. Nce3 a4 18. f4 exf4 19. gxf4 Bd8 20. f5 Bxd5 21. Nxd5
f6 22. Rf3 Ne5 23. Rh3 Qf7 1/2-1/2

[Event "19PCR_F"]
[Site "?"]
[Date "2009.??.??"]
[Round "?"]
[White "Trs, Jan"]
[Black "Glaser, Karel"]
[Result "0-1"]
[WhiteElo "2128"]
[BlackElo "2202"]
[PlyCount "120"]
[EventDate "2009.??.??"]
[EventType "corr"]
[SourceDate "2004.06.03"]

1. e4 e5 2. Nf3 Nc6 3. Bb5 a6 4. Ba4 Nf6 5. O-O Be7 6. Re1 b5 7. Bb3 O-O 8. c3
d6 9. h3 Na5 10. Bc2 c5 11. d4 Nd7 12. Nbd2 exd4 13. cxd4 Nc6 14. e5 dxe5 15.
dxe5 Bb7 16. b3 Qc7 17. Bb2 Nb4 18. Qb1 Nxc2 19. Qxc2 Rfe8 20. Ne4 Rad8 21. a4
Nf8 22. Bc3 Qc6 23. Ba5 Rd5 24. axb5 axb5 25. Bc3 Ng6 26. Ra7 Red8 27. Ba5 Ra8
28. Rxa8+ Bxa8 29. Bc3 Nf4 30. e6 Nxe6 31. Ng3 Rd7 32. Nf5 Bf8 33. Ne3 Qe4 34.
Qxe4 Bxe4 35. Ne5 Rd8 36. f3 Bb7 37. Ba5 Ra8 38. Bc3 Ra3 39. Rb1 Nf4 40. Bd2
Ra2 41. Rd1 Bc8 42. Be1 Be6 43. Rd8 f6 44. Nd7 Bxd7 45. Rxd7 Ra3 46. Bg3 Ne6
47. Nd5 Rxb3 48. Ne7+ Kf7 49. Nd5+ Ke8 50. Rb7 Rd3 51. Nf4 Nxf4 52. Bxf4 g5 53.
Bg3 b4 54. Be1 b3 55. Kf2 c4 56. Ke2 Ba3 57. Bb4 Bc1 58. Be7 Rd7 59. Rxd7 Kxd7
60. Bxf6 b2 0-1

[Event "19PCR_F"]
[Site "?"]
[Date "2009.??.??"]
[Round "?"]
[White "Trs, Jan"]
[Black "Kyhos, Alois"]
[Result "1/2-1/2"]
[WhiteElo "2128"]
[BlackElo "2146"]
[PlyCount "139"]
[EventDate "2009.??.??"]
[EventType "corr"]
[SourceDate "2004.06.03"]

1. c4 e5 2. Nc3 Nf6 3. Nf3 Nc6 4. g3 Bb4 5. Bg2 O-O 6. O-O e4 7. Ne1 Bxc3 8.
dxc3 h6 9. Nc2 Re8 10. Ne3 d6 11. Qc2 a5 12. Bd2 Be6 13. Rfe1 Ne5 14. Bxe4 Nxe4
15. Qxe4 Nxc4 16. Nxc4 d5 17. Qg2 dxc4 18. Rad1 Qc8 19. Qe4 a4 20. Bc1 Ra6 21.
f3 f5 22. Qd4 c5 23. Qd2 b5 24. Kf2 Rc6 25. Qc2 Qb7 26. e4 fxe4 27. Rxe4 Qc8
28. Bf4 a3 29. bxa3 Ra6 30. Qc1 Rf8 31. Kg1 Bf5 32. Re7 Re6 33. Rdd7 Rxe7 34.
Rxe7 Qd8 35. Qe1 Bh3 36. Kf2 Qd3 37. Re3 Qd8 38. Qe2 g5 39. Be5 Qd5 40. Kg1 Bf5
41. g4 Bd3 42. Qf2 Qa8 43. Bd6 Re8 44. Bxc5 Qc6 45. h3 Bg6 46. Kg2 Bf7 47.
Rxe8+ Qxe8 48. Qd2 Qe5 49. Qd8+ Be8 50. Bd4 Qe2+ 51. Bf2 Qe6 52. h4 gxh4 53.
Bxh4 h5 54. gxh5 Kh7 55. Kf2 Qe5 56. Qg5 Qxg5 57. Bxg5 Bxh5 58. Ke3 Bg6 59. Kd4
Bc2 60. Be3 Kg6 61. Ke5 Bd1 62. f4 Bc2 63. Bc5 Bb1 64. Kd5 Bc2 65. Kc6 Ba4 66.
Kb6 Kf5 67. Bd6 Ke6 68. Kc5 Kf6 69. Be5+ Ke6 70. Kd4 1/2-1/2

[Event "19PCR_F"]
[Site "?"]
[Date "2009.??.??"]
[Round "?"]
[White "Trs, Jan"]
[Black "Portych, Vaclav"]
[Result "1/2-1/2"]
[WhiteElo "2128"]
[BlackElo "2219"]
[PlyCount "92"]
[EventDate "2009.??.??"]
[EventType "corr"]
[SourceDate "2004.06.03"]

1. d4 Nf6 2. c4 e6 3. Nc3 Bb4 4. Qc2 O-O 5. a3 Bxc3+ 6. Qxc3 b6 7. Bg5 Bb7 8.
f3 h6 9. Bh4 d6 10. e3 Nbd7 11. Bd3 e5 12. Ne2 exd4 13. exd4 d5 14. O-O c5 15.
Rfe1 Ba6 16. b3 Rc8 17. Rad1 dxc4 18. bxc4 Ne4 19. Bxe4 Qxh4 20. Ng3 Qf6 21.
Bf5 Rcd8 22. Bxd7 Rxd7 23. Ne4 Qd8 24. d5 Re7 25. Ng3 Rfe8 26. Re4 Bc8 27. Rde1
Qd6 28. a4 f5 29. Rxe7 Rxe7 30. Rd1 g6 31. a5 Kh7 32. axb6 axb6 33. Rb1 h5 34.
Rb2 Bd7 35. Ne2 b5 36. cxb5 Qxd5 37. b6 Bb5 38. Nf4 Qc6 39. h4 c4 40. Kh1 Ba6
41. g3 Bb7 42. Kg2 Kg8 43. Rb1 Rd7 44. Qe3 Rd8 45. Kh3 Kf7 46. Rc1 Rc8 1/2-1/2